000 00604nam a2200205 a 4500
005 20240802063715.0
008 130201s1984 mx r 000 0 spa d
020 _a9684940165
035 _aUPN01000189353
049 _aI
050 4 _aPZ74.1
_bA7.32
100 1 _aArredondo, Inés,
_d1928-1989
_930940
245 1 0 _aHistoria verdadera de una princesa /
_cInés Arredondo.
260 _aMéxico :
_bSEP :
_bCIDCLI ,
_c1984.
300 _a35 p. :
_bil. col.
440 0 _aReloj de cuentos ;
_v8
650 4 _aCuentos mexicanos
_96937
650 4 _aLiteratura infantil mexicana
_910209
905 _aLibro
999 _c161456
_d161456